Inventari del fons patrimonial de Homdedéu de Riudecanyes : segles XV-XIX / Josep M.T. Grau i Pujol, Sabí Peris i Serradell segles XV-XIX / Josep M.T. Grau i Pujol, Sabí Peris i Serradell
Descripción Física:
66 p. : il. ; 21 cm
Otros Autores:
Peris i Serradell, Sabí
MARC
| LEADER | 00000nam a2200000Ia 4500 | ||
|---|---|---|---|
| 001 | 16463 | ||
| 003 | BGR | ||
| 005 | 20260324175652.0 | ||
| 008 | 160829s9999 xx 000 0 cat d | ||
| 080 | |a A-2-212 | ||
| 100 | |a Grau i Pujol, Josep M.T. |9 37293 | ||
| 245 | |a Inventari del fons patrimonial de Homdedéu de Riudecanyes : |b segles XV-XIX / Josep M.T. Grau i Pujol, Sabí Peris i Serradell | ||
| 260 | |a Reus : |b Arxiu Històric Comarcal de Reus ; Riudecanyes : |b l'Ajuntament, DL 2004 | ||
| 300 | |a 66 p. : |b il. ; |c 21 cm | ||
| 650 | |a Homdedéu (Família) |x Arxius |x Catàlegs |9 37294 | ||
| 650 | |a Arxiu Històric Comarcal de Reus |x Catàlegs |9 37295 | ||
| 650 | |a Riudecanyes (Catalunya) |x Història |x Fonts |9 37296 | ||
| 700 | |a Peris i Serradell, Sabí |9 37297 | ||
| 710 | 1 | |a Riudecanyes (Catalunya). |b Ajuntament |9 55500 | |
| 710 | 1 | |a Arxiu Històric Comarcal de Reus |9 70482 | |
| 901 | |a Arxiu | ||
| 942 | |n 1 |2 udc |c MON | ||
| 952 | |0 0 |1 0 |4 0 |6 A2212 |7 1 |9 47791 |a Arxiu |b Arxiu |d 2016-12-01 |l 0 |o A-2-212 |p 16463 |r 2016-12-01 00:00:00 |w 2016-12-01 |y ARXIU | ||
| 999 | |c 51590 |d 51590 | ||